01563cam a22003857a 4500003000500000005001700005008004100022010000800063011000900071035000900080040000900089090001000098100004000108245013100148260004000279300001100319502006500330590003700395590004100432590004100473590004100514590004100555590004100596590004200637650002200679650003000701710007600731901000700807942000900814949004100823949004700864999001300911952012600924952012701050CHAP20220329133004.0971013s1990 r 00010 d a983 a1955 a1140 cCHAP aTesis00aSánchez Venegas, Gustavo.9107914 0aCaracterización fenológica y química de Opuntia joconostle Weber, en San Martín de las Pirámides, Estado de México aChapingo, Méx. :bEl autor,c1990 a122 h. aTesis (M.C. Esp. en Botánica) -- C.P. Centro de Botánica aALEPHb10c20130110lUCH01h1207 aBATCH-UPDb10c20130110lUCH01h0200 aBATCH-UPDb10c20130110lUCH01h1810 aBATCH-UPDb10c20130409lUCH01h2208 aBATCH-UPDb10c20130410lUCH01h1145 aBATCH-UPDb10c20130914lUCH01h0843 aCONVERSIONb10c20130109lUCH01h130214aCardenche.91887714aNopalxVariedades.9817030 aColegio de Postgraduados. Chapingo, Méx. Centro de Botánica.925070 aBK cFOLL bBCcTESd-10604eTS1h23237i1140si bBCcTESd-144814eTS2fc.2h23328i1140si c983d983 00102local4053708TESISaBCbBCcPA_TESISd2019-12-31fTESISl0p-144814r2019-12-31 00:00:00tc.2w2019-12-31yTESIS 00102local4051708TESISaBCbBCcPA_TESISd2019-12-31fTESISl0oTesisp-10604r2019-12-31 00:00:00w2019-12-31yTESIS